Sports Quiz

Random Sports or NFL Quiz
Score 0/84 Timer 10:00
0 Plays Today
Team Name % Correct
PATRIOTSTOM BRADY
99.2%
CHEIFSPATRICK MAHOMES
80.7%
CHARGERSPHILIP RIVERS
79%
TEXANSDEANDRE HOPKINS
73%
STEELERSANTONIO BROWN
67.8%
CHEIFSTYREEK HILL
67.8%
CHEIFSTRAVIS KELCE
45.4%
CHARGERSMELVIN GORDON
45.2%
STEELERSJAMES CONNER
44.6%
COLTSERIC EBRON
39%
BRONCOSPHILLIP LINDSAY
36.3%
TEXANS JJ WATT
34.6%
BRONCOSVON MILLER
30.1%
RAMSJARED GOFF
26.8%
PACKERSAARON RODGERS
26.8%
RAMSTODD GURLEY
26.6%
BROWNS MYLES GARRETT
26.3%
BENGALSGENO ATKINS
26.3%
TITANSTAYLOR LEWAN
25.7%
FALCONSJULIO JONES
24.7%
CHEIFSANTHONY SHERMAN
24.1%
GIANTSSAQUON BARKLEY
24.1%
CHARGERS MELVIN INGRAM
23.2%
SAINTSMICHAEL THOMAS
22.6%
STEELERSDAVID DECASTRO
22.4%
49ERSGEORGE KITTLE
21%
TEXANSJADEVEON CLOWNEY
20.1%
EAGLESZACH ERTZ
20.1%
Team Name % Correct
JETSJAMAL ADAMS
19.7%
VIKINGS ADAM THIELEN
19.5%
RAVENSC.J MOSLEY
18.7%
RAVENSMARSHAL YANDA
18.5%
PATRIOTSSTEPHON GILMORE
18.3%
BROWNSDENZEL WARD
18%
CHEIFS DEE FORD
17%
RAVENSERIC WEDDLE
17%
COLTSQUENTON NELSON
16.4%
PACKERS DAVANTE ADAMS
15.8%
CHARGERSDERWIN JAMES
15.6%
CHEIFSERIC FISHER
15.1%
RAMSAARON DONALD
15.1%
TITANS JURRELL CASEY
14.1%
STEELERS CAMERON HEYWARD
13.9%
STEELERS ALEJANDRO VILLANUEVA
13.7%
CHARGERS MIKE POUNCEY
13.7%
BEARS KHALIL MACK
13.7%
CARDINALSPATRICK PETERSON
13.7%
SEAHAWKSBOBBY WAGNER
13.3%
EAGLES FLETCHER COX
12.9%
SAINTS CAMERON JORDAN
12.4%
LIONSDARIUS SLAY
11.2%
PANTHERSLUKE KUECHLY
11%
COWBOYS TYRON SMITH
10.2%
FALCONSALEX MACK
10.2%
BEARSKYLE FULLER
10%
BEARSEDDIE JACKSON
9.1%
Team Name % Correct
REDSKINSTRENT WILLIAMS
8.9%
VIKINGSHARRISON SMITH
8.9%
COWBOYS ZACK MARTIN
8.7%
REDSKINSRYAN KERRIGAN
8.7%
VIKINGS ANTHONY BARR
8.5%
JETS JASON MYERS
7.9%
GIANTS LANDON COLLINS
7.9%
VIKINGSDANIELLE HUNTER
7.7%
TITANSBRETT KERN
7.3%
CHARGERSKENNAN ALLEN
7.1%
BEARS TARIK COHEN
7.1%
COWBOYS BYRON JONES
6.8%
SAINTSMAX UNGER
6.4%
GIANTSALDRICK ROSAS
6.2%
COWBOYS ZEKE ELLIOTT
6%
BEARS AKIEM HICKS
5.8%
JETSANDRE ROBERTS
5.6%
SAINTSTERRON ARMSTEAD
5.6%
EAGLES BRANDON BROOKS
5%
TEXANSBENARDRICK MCKINNEY
4.8%
JAGUARSJALEN RAMSY
4.4%
49ERS KYLE JUSZCZYK
4.1%
DOLPHINSXAVIER HOWARD
3.7%
PANTHERSTRAI TURNER
3.7%
SEAHAWKSMICHAEL DICKSON
3.3%
(NFC) SAINTSDREW BRESS
2.5%
STEELERSMAUKRICE POUNCEY
0.6%
COWBOYS DEMARCUS LAWRANCE
0.2%
Remove Ads.
Support Sporcle.
Get the best of Sporcle when you Go Orange. This ad-free experience offers more features, more stats, and more fun while also helping to support Sporcle. Thank you for becoming a member.

You're not logged in!

Compare scores with friends on all Sporcle quizzes.
OR
Log In

Show Comments

Extras

Top Quizzes Today


Score Distribution

Your Account Isn't Verified!

In order to create a playlist on Sporcle, you need to verify the email address you used during registration. Go to your Sporcle Settings to finish the process.

Report this User

Report this user for behavior that violates our Community Guidelines.

Details: